Japan 1980/80 : politics and economy /

Bibliographic Details
Format: Book
Published: Hongkong: Maruzen Asia, 1981.
Subjects:
LEADER 00481cam a2200181 7i4500
001 0000055420
005 20151104090000.0
005 ##20151104173800.0
002 ##000002372
003 ##MY-KlINT
008 151104 00010 eng
020 # # |a 9622202136  
039 # 9 |y 201511041738  |z VLOAD 
090 0 0 |a 338.9 JAP  
245 0 0 |a Japan 1980/80 :   |b politics and economy /   |c edited by Manfred Pohl .. 
260 # # |a Hongkong:   |b Maruzen Asia,   |c 1981. 
300 # # |a 302p; 21cm. 
650 # 0 |a Economic policy